[Event "Athens ChessSquare Autumn op"]
[Site "Athens"]
[Date "2017.10.28"]
[Round "7"]
[White "Ergazakis, Ioannis"]
[Black "Gantis, Konstantinos"]
[Result "1/2-1/2"]
[WhiteElo "2159"]
[BlackElo "2019"]
[PlyCount "84"]
[EventDate "2017.09.16"]
[EventType "swiss"]
[EventRounds "7"]
[EventCountry "GRE"]
[SourceTitle "EXT 2024"]
[Source "ChessBase"]
[SourceDate "2023.10.10"]
[SourceVersion "1"]
[SourceVersionDate "2023.10.10"]
[SourceQuality "1"]

1. e4 e6 2. d4 d5 3. Nd2 Nf6 4. e5 Nfd7 5. Bd3 c5 6. c3 Nc6 7. Ne2 cxd4 8. cxd4 f6 9. Nf4 Nxd4 10. Qh5+ Ke7 11. exf6+ Nxf6 12. Ng6+ hxg6 13. Qxh8 Kf7 14. 0-0 Nh5 15. Nb3 Nc6 16. Qh7 Qf6 17. g4 Ne5 18. gxh5 Nxd3 19. Qxg6+ Qxg6+ 20. hxg6+ Kxg6 21. Rd1 Nxc1 22. Raxc1 Bd6 23. Nc5 b6 24. Nd3 Bd7 25. Kg2 Rh8 26. f4 Kf5 27. Ne5 Bxe5 28. fxe5 Kxe5 29. Rc7 Kd6 30. Rxa7 e5 31. Rxd7+ Kxd7 32. Rxd5+ Ke6 33. Rb5 Kf5 34. Rxb6 Rd8 35. a4 Rd2+ 36. Kg3 Rd3+ 37. Kf2 Kf4 38. a5 Rd2+ 39. Ke1 Rxh2 40. Rb3 Rh8 41. a6 Ra8 42. Ra3 Ke4 1/2-1/2

[Event "Athens ChessSquare Autumn op"]
[Site "Athens"]
[Date "2017.10.14"]
[Round "5"]
[White "Nikolopoulos, Athanasios"]
[Black "Gantis, Konstantinos"]
[Result "0-1"]
[WhiteElo "1702"]
[BlackElo "2019"]
[PlyCount "88"]
[EventDate "2017.09.16"]
[EventType "swiss"]
[EventRounds "7"]
[EventCountry "GRE"]
[SourceTitle "EXT 2024"]
[Source "ChessBase"]
[SourceDate "2023.10.10"]
[SourceVersion "1"]
[SourceVersionDate "2023.10.10"]
[SourceQuality "1"]

1. d4 e6 2. Nc3 Nf6 3. e4 d5 4. Bg5 Bb4 5. e5 h6 6. Bd2 Bxc3 7. bxc3 Ne4 8. Qg4 Kf8 9. Bd3 Nxd2 10. Kxd2 Qg5+ 11. Qxg5 hxg5 12. g3 c5 13. f4 gxf4 14. gxf4 cxd4 15. cxd4 Nc6 16. c3 Bd7 17. h4 Ke7 18. Nf3 Na5 19. h5 Rh6 20. Rag1 Rg8 21. Rh2 Kf8 22. Rgh1 Rgh8 23. Ke3 Nc4+ 24. Bxc4 dxc4 25. Nd2 Bc6 26. Rb1 Bd5 27. Rb4 Rxh5 28. Rxh5 Rxh5 29. Nxc4 Rh3+ 30. Kd2 Rh2+ 31. Kc1 Rxa2 32. Nd6 Rf2 33. Nxb7 Rxf4 34. Nd6 g5 35. Rb8+ Kg7 36. c4 Bh1 37. Rd8 g4 38. Ne8+ Kg6 39. Nf6 Kf5 40. Rh8 g3 41. Nh5 Rf1+ 42. Kd2 g2 43. Ng3+ Kg6 44. Ne2 Kg7 0-1

[Event "GRE-ch U18"]
[Site "Athens"]
[Date "2006.01.04"]
[Round "2.9"]
[White "Papadopoulos, Nikolaos"]
[Black "Gantis, Konstantinos"]
[Result "1-0"]
[WhiteElo "2117"]
[BlackElo "1880"]
[PlyCount "93"]
[EventDate "2006.01.03"]
[EventType "swiss"]
[EventRounds "9"]
[EventCountry "GRE"]
[SourceTitle "EXT 2024"]
[Source "ChessBase"]
[SourceDate "2023.10.10"]
[SourceVersion "1"]
[SourceVersionDate "2023.10.10"]
[SourceQuality "1"]

1. d4 e6 2. Nf3 f5 3. c4 Nf6 4. g3 Be7 5. Bg2 0-0 6. 0-0 d6 7. Nc3 Ne4 8. Qc2 Nxc3 9. Qxc3 Bf6 10. Qc2 e5 11. dxe5 dxe5 12. Rd1 Qe8 13. b3 e4 14. Nd4 a6 15. Ba3 b6 16. Bxf8 Qxf8 17. c5 bxc5 18. Rac1 Bxd4 19. e3 Be5 20. Bxe4 fxe4 21. Qxe4 Bd6 22. Qxa8 Bg4 23. Qd5+ Kh8 24. f4 Nd7 25. e4 Nb6 26. Qd3 c4 27. bxc4 Bc5+ 28. Kg2 h5 29. Qd8 Bxd1 30. Qxf8+ Bxf8 31. Rxd1 Kg8 32. Kf3 Kf7 33. e5 Ke6 34. Ke4 g6 35. h3 Nd7 36. g4 Nc5+ 37. Kd4 h4 38. Rf1 Be7 39. f5+ gxf5 40. gxf5+ Kf7 41. Kd5 Nd3 42. f6 Nb4+ 43. Ke4 Bc5 44. Kf5 Nc2 45. e6+ Ke8 46. Kg6 Ne3 47. Rb1 1-0